Na Zelmer Cupe sa v medzinárodnej konkurencii nestratili ani slovenské tanečné dvojice

Bibliographic Details
Main Author: Milinčičová, Sandra (Author)
Corporate Author: Ferrocentrum Košice (Slovensko) (Author)
Format: Article
Language:Slovak
PhysicalDescription:5 foto
Subjects:

MARC

LEADER 00000nab a2200000 a 4500
001 vtls000900422
003 SK-MaSNL
005 20260302175106.0
008 040720e19990420xo 0 slo
035 |a KE9421 
040 |a KEVKJB  |b slo  |c KEVKJB  |e AACR2 
041 0 |a slo 
044 |a xo  |c SK 
080 |a 793.33  |2 1981 
100 1 |a Milinčičová, Sandra  |4 aut  |9 885878 
245 1 0 |a Na Zelmer Cupe sa v medzinárodnej konkurencii nestratili ani slovenské tanečné dvojice 
300 |b 5 foto 
610 2 7 |a Ferrocentrum Košice (Slovensko)  |2 KEVKJB  |9 878675 
611 1 7 |a Zelmer Dance Cup  |2 KEVKJB  |9 886015 
650 0 7 |a spoločenské tance  |2 KEVKJB  |9 29452 
650 0 7 |a medzinárodné súťaže  |2 KEVKJB  |9 71259 
651 7 |a Košice (Slovensko)  |2 KEVKJB  |9 18694 
651 7 |a KE,  |2 KEVKJB  |9 877256 
655 7 |a periodikum  |2 snkbucl  |9 29553 
710 2 |a Ferrocentrum Košice (Slovensko)  |4 aut  |9 878675 
773 0 8 |t Korzár  |g Roč. 2, č.90, 20.4.1999, s. 9 
852 |a ZVYKNI  |b KIS3GCP 
999 |c 1405978  |d 1407908